[Event "GER-ch U25-A"]
[Site "Willingen"]
[Date "2018.05.24"]
[Round "7"]
[White "Brandl, Lea Maria"]
[Black "Mueller, Magnus"]
[Result "0-1"]
[WhiteElo "1875"]
[BlackElo "1912"]
[PlyCount "68"]
[EventDate "2018.05.19"]
[EventType "swiss"]
[EventRounds "9"]
[EventCountry "GER"]
[SourceTitle "CBM 184 Extra"]
[Source "ChessBase"]
[SourceDate "2018.06.28"]
[SourceVersion "1"]
[SourceVersionDate "2018.06.28"]
[SourceQuality "1"]

1. d4 Nf6 2. c4 e6 3. Nc3 Bb4 4. Qc2 0-0 5. a3 Bxc3+ 6. Qxc3 d5 7. Nf3 dxc4 8. Qxc4 b6 9. Qc2 Ba6 10. g3 Nbd7 11. Bg2 Bb7 12. 0-0 Rc8 13. b4 Qe7 14. Bb2 c5 15. dxc5 bxc5 16. b5 Be4 17. Qd2 Nb6 18. Ne5 c4 19. Rfc1 Bxg2 20. Kxg2 Qc5 21. Qd4 Qxb5 22. a4 Nxa4 23. Rxa4 Qxa4 24. Ng4 Ne8 25. Nh6+ Kh8 26. Ra1 Qc6+ 27. Kg1 e5 28. Qxe5 Qxh6 29. Rxa7 Qf6 30. Qb5 Nd6 31. Qb4 Rb8 32. Qxb8 Rxb8 33. Bxf6 gxf6 34. Rc7 Rc8 0-1

[Event "BL2 Sued 1718 (Women)"]
[Site "Germany"]
[Date "2017.10.15"]
[Round "2.2"]
[White "Brandl, Lea Maria"]
[Black "Klotz, Sonja"]
[Result "1-0"]
[WhiteElo "1903"]
[BlackElo "1982"]
[PlyCount "43"]
[EventDate "2017.10.14"]
[EventType "team-tourn"]
[EventRounds "7"]
[EventCountry "GER"]
[SourceTitle "EXT 2019"]
[Source "ChessBase"]
[SourceDate "2018.10.10"]
[SourceVersion "1"]
[SourceVersionDate "2018.10.10"]
[SourceQuality "1"]
[WhiteTeam "Mainz Schott (W)"]
[BlackTeam "Stuttgart Wolfbusch (W)"]
[WhiteTeamCountry "GER"]
[BlackTeamCountry "GER"]

1. d4 d5 2. c4 e6 3. Nc3 Nf6 4. Bg5 c6 5. e3 Nbd7 6. Nf3 Qa5 7. Nd2 Bb4 8. Qc2 Ne4 9. Ndxe4 dxe4 10. Bh4 0-0 11. Be2 e5 12. 0-0 exd4 13. exd4 f5 14. f3 exf3 15. Rxf3 Nf6 16. Bd3 g6 17. a3 Bxc3 18. bxc3 Be6 19. Re1 Rae8 20. Rfe3 Bd7 21. Re5 Qxa3 22. Bxf6 1-0

[Event "BL2 Sued 1718 (Women)"]
[Site "Germany"]
[Date "2017.10.14"]
[Round "1.3"]
[White "Brandl, Lea Maria"]
[Black "Woniak, Katarzyna"]
[Result "0-1"]
[WhiteElo "1903"]
[BlackElo "1945"]
[PlyCount "84"]
[EventDate "2017.10.14"]
[EventType "team-tourn"]
[EventRounds "7"]
[EventCountry "GER"]
[SourceTitle "EXT 2019"]
[Source "ChessBase"]
[SourceDate "2018.10.10"]
[SourceVersion "1"]
[SourceVersionDate "2018.10.10"]
[SourceQuality "1"]
[WhiteTeam "Mainz Schott (W)"]
[BlackTeam "Augsburg SG (W)"]
[WhiteTeamCountry "GER"]
[BlackTeamCountry "GER"]

1. d4 d5 2. c4 e6 3. Nc3 c6 4. Nf3 f5 5. Bf4 Nf6 6. e3 Be7 7. Bd3 0-0 8. Ne5 Ne4 9. Bxe4 fxe4 10. 0-0 Nd7 11. Rb1 Nxe5 12. Bxe5 Bd6 13. Bxd6 Qxd6 14. Qe2 e5 15. dxe5 Qxe5 16. cxd5 cxd5 17. Rbd1 Be6 18. Qb5 a6 19. Qxb7 Rab8 20. Qxa6 Rxb2 21. Qa5 Rc2 22. Nxd5 Bxd5 23. Qxd5+ Qxd5 24. Rxd5 Rxa2 25. Re5 Ra4 26. f3 exf3 27. gxf3 Rb8 28. Rf2 Ra1+ 29. Kg2 Rb6 30. f4 Kf7 31. Rf3 Ra2+ 32. Kg3 Rbb2 33. h3 Rg2+ 34. Kh4 Ra6 35. Rh5 h6 36. Rg3 Rf2 37. Rd5 g6 38. Rb5 Kf6 39. Kg4 Re6 40. Rb3 Ra6 41. e4 h5+ 42. Kh4 Rxf4+ 0-1

[Event "BL2 Sued 1617 (Women)"]
[Site "Germany"]
[Date "2017.03.26"]
[Round "7.3"]
[White "Brandl, Lea Maria"]
[Black "Flach, Helene"]
[Result "1/2-1/2"]
[WhiteElo "1908"]
[BlackElo "1815"]
[PlyCount "64"]
[EventDate "2016.10.22"]
[EventType "team-tourn"]
[EventRounds "7"]
[EventCountry "GER"]
[SourceTitle "EXT 2018"]
[Source "ChessBase"]
[SourceDate "2017.10.13"]
[SourceVersion "1"]
[SourceVersionDate "2017.10.13"]
[SourceQuality "1"]
[WhiteTeam "Schott Mainz (W)"]
[BlackTeam "Langen (W)"]
[WhiteTeamCountry "GER"]
[BlackTeamCountry "GER"]

1. d4 d5 2. c4 e6 3. Nc3 Be7 4. Nf3 Nf6 5. Bg5 0-0 6. e3 Nbd7 7. Rc1 a6 8. a4 c6 9. Bd3 dxc4 10. Bxc4 b5 11. Bd3 Bb7 12. 0-0 Rc8 13. Qe2 Nb6 14. b3 b4 15. Nb1 a5 16. Rfd1 h6 17. Bh4 Nbd5 18. Bg3 Nd7 19. e4 N5f6 20. Nbd2 Nh5 21. Nc4 Nxg3 22. hxg3 c5 23. Bb1 Ba6 24. d5 exd5 25. Rxd5 Qc7 26. Qd2 Nf6 27. Rd3 Nxe4 28. Qe1 Nd6 29. Re3 Bf6 30. Nxd6 Qxd6 31. Rd1 Qc7 32. Bd3 Bxd3 1/2-1/2

[Event "BL2 Sued 1617 (Women)"]
[Site "Germany"]
[Date "2016.10.22"]
[Round "1.3"]
[White "Brandl, Lea Maria"]
[Black "Stitterich, Nadine"]
[Result "1-0"]
[WhiteElo "1908"]
[BlackElo "2001"]
[PlyCount "79"]
[EventDate "2016.10.22"]
[EventType "team-tourn"]
[EventRounds "7"]
[EventCountry "GER"]
[SourceTitle "EXT 2018"]
[Source "ChessBase"]
[SourceDate "2017.10.13"]
[SourceVersion "1"]
[SourceVersionDate "2017.10.13"]
[SourceQuality "1"]
[WhiteTeam "Schott Mainz (W)"]
[BlackTeam "Stuttgart Wolfbusch (W)"]
[WhiteTeamCountry "GER"]
[BlackTeamCountry "GER"]

1. d4 d5 2. c4 e6 3. Nc3 c6 4. e3 Nf6 5. Nf3 Nbd7 6. Qc2 Bd6 7. Bd3 dxc4 8. Bxc4 b5 9. Be2 Bb7 10. 0-0 a6 11. Rd1 Qc7 12. e4 e5 13. dxe5 Nxe5 14. Nd4 Ned7 15. g3 0-0 16. Nf5 Be5 17. f4 Bxc3 18. Qxc3 c5 19. Bf3 b4 20. Qe3 Rad8 21. b3 Nb6 22. Bb2 Nfd7 23. Bxg7 Rfe8 24. Bg2 Nd5 25. Rxd5 Bxd5 26. Qe2 Qb6 27. Qb2 c4+ 28. Bd4 c3 29. Qc2 Qb5 30. exd5 Re2 31. Nh6+ Kf8 32. Qxh7 Rxg2+ 33. Kxg2 Qxd5+ 34. Kf1 Qh1+ 35. Kf2 Qxh2+ 36. Kf3 Qh5+ 37. Kg2 Qd5+ 38. Kh2 Qh5+ 39. Kg1 Nf6 40. Qh8+ 1-0

[Event "GER-ch U18 Girls"]
[Site "Willingen"]
[Date "2016.05.21"]
[Round "9"]
[White "Schulz, Theresa Charlotte"]
[Black "Brandl, Lea Maria"]
[Result "1/2-1/2"]
[WhiteElo "1687"]
[BlackElo "1927"]
[PlyCount "51"]
[EventDate "2016.05.15"]
[EventType "swiss"]
[EventRounds "9"]
[EventCountry "GER"]
[SourceTitle "CBM 172 Extra"]
[Source "ChessBase"]
[SourceDate "2016.06.21"]
[SourceVersion "1"]
[SourceVersionDate "2016.06.21"]
[SourceQuality "1"]

1. e4 c5 2. Nc3 Nc6 3. f4 g6 4. Nf3 Bg7 5. Bc4 a6 6. a3 e6 7. e5 d5 8. exd6 Qxd6 9. Ne4 Qe7 10. 0-0 Nf6 11. d3 0-0 12. Rb1 Rd8 13. Qe1 b5 14. Ba2 Bb7 15. Be3 Nxe4 16. dxe4 Rac8 17. f5 exf5 18. Ng5 c4 19. exf5 Re8 20. fxg6 fxg6 21. Rf7 Qxe3+ 22. Qxe3 Rxe3 23. Rxb7 Re2 24. Rd1 h6 25. Nf3 Bxb2 26. Bxc4+ 1/2-1/2

[Event "GER-ch U18 Girls"]
[Site "Willingen"]
[Date "2016.05.18"]
[Round "6"]
[White "Koch, Elisabeth"]
[Black "Brandl, Lea Maria"]
[Result "0-1"]
[WhiteElo "1705"]
[BlackElo "1927"]
[PlyCount "104"]
[EventDate "2016.05.15"]
[EventType "swiss"]
[EventRounds "9"]
[EventCountry "GER"]
[SourceTitle "CBM 172 Extra"]
[Source "ChessBase"]
[SourceDate "2016.06.21"]
[SourceVersion "1"]
[SourceVersionDate "2016.06.21"]
[SourceQuality "1"]

1. e4 c5 2. Nc3 Nc6 3. f4 g6 4. Nf3 Bg7 5. d3 d6 6. g3 e6 7. Bg2 Nge7 8. 0-0 0-0 9. g4 f5 10. h3 a6 11. Qe1 Nd4 12. Nxd4 cxd4 13. Ne2 Qc7 14. c4 dxc3 15. bxc3 Bd7 16. Bd2 Rae8 17. Rc1 Nc6 18. Kh2 Kh8 19. Qh4 Bf6 20. Qh6 Nd8 21. g5 Bg7 22. Qh4 Nc6 23. Qg3 e5 24. Ng1 Qa5 25. Rc2 fxe4 26. dxe4 exf4 27. Bxf4 Ne5 28. Kh1 Ba4 29. Rd2 Nc4 30. Rd3 Bc2 31. Rd5 Qxa2 32. Rf2 Qb1 33. Rf1 Qb3 34. Ne2 Bxe4 35. Nd4 Bxg2+ 36. Kxg2 Bxd4 37. Rxd4 d5 38. Re1 Rxe1 39. Qxe1 Qc2+ 40. Kg1 Qf5 41. Qe7 Qf7 42. Be5+ Kg8 43. Qf6 Nxe5 44. Qxe5 Rd8 45. Rf4 Qd7 46. Qf6 a5 47. h4 Ra8 48. h5 gxh5 49. Kh2 a4 50. g6 h6 51. Rf3 Rd8 52. g7 Qd6+ 0-1

[Event "GER-ch U18 Girls"]
[Site "Willingen"]
[Date "2016.05.17"]
[Round "4"]
[White "Eggert, Daniela"]
[Black "Brandl, Lea Maria"]
[Result "0-1"]
[WhiteElo "1688"]
[BlackElo "1927"]
[PlyCount "38"]
[EventDate "2016.05.15"]
[EventType "swiss"]
[EventRounds "9"]
[EventCountry "GER"]
[SourceTitle "CBM 172 Extra"]
[Source "ChessBase"]
[SourceDate "2016.06.21"]
[SourceVersion "1"]
[SourceVersionDate "2016.06.21"]
[SourceQuality "1"]

1. Nf3 Nf6 2. g3 d5 3. Bg2 e6 4. 0-0 Be7 5. d4 0-0 6. b3 c6 7. c4 Nbd7 8. cxd5 exd5 9. Ba3 Bxa3 10. Nxa3 Ne4 11. Nc2 Qe7 12. e3 Ndf6 13. Ne5 Bf5 14. Qe1 Nxg3 15. hxg3 Bxc2 16. Qc3 Bf5 17. a4 a5 18. Nd3 Ne4 19. Qc1 Nxg3 0-1

[Event "GER-ch U18 Girls"]
[Site "Willingen"]
[Date "2016.05.15"]
[Round "2"]
[White "Poetsch, Leonore"]
[Black "Brandl, Lea Maria"]
[Result "1-0"]
[WhiteElo "1829"]
[BlackElo "1927"]
[PlyCount "69"]
[EventDate "2016.05.15"]
[EventType "swiss"]
[EventRounds "9"]
[EventCountry "GER"]
[SourceTitle "CBM 172 Extra"]
[Source "ChessBase"]
[SourceDate "2016.06.21"]
[SourceVersion "1"]
[SourceVersionDate "2016.06.21"]
[SourceQuality "1"]

1. e4 c5 2. Nf3 d6 3. Bb5+ Bd7 4. Bxd7+ Qxd7 5. c4 Nc6 6. Nc3 Nf6 7. d4 cxd4 8. Nxd4 e6 9. Be3 Be7 10. 0-0 0-0 11. f3 Rac8 12. Qe2 a6 13. Rac1 Rfd8 14. Rfd1 Qe8 15. b3 Nd7 16. Qf2 Nc5 17. Rd2 Bf6 18. Nde2 Qe7 19. Rcd1 Qf8 20. f4 Be7 21. f5 exf5 22. exf5 Bf6 23. Bxc5 dxc5 24. Nd5 Be5 25. Kh1 f6 26. Nef4 Nd4 27. Ne6 Nxe6 28. fxe6 Bd6 29. Qe2 Be7 30. Nxe7+ Qxe7 31. Rd7 Qe8 32. Rxd8 Rxd8 33. Rxd8 Qxd8 34. e7 Qe8 35. Qe6+ 1-0

[Event "BL2 Sued 1516 (Women)"]
[Site "Germany"]
[Date "2015.12.06"]
[Round "4.3"]
[White "Brandl, Lea Maria"]
[Black "Hartewig, Anja"]
[Result "1-0"]
[WhiteElo "1779"]
[BlackElo "1722"]
[PlyCount "69"]
[EventDate "2015.09.26"]
[EventType "team-tourn"]
[EventRounds "7"]
[EventCountry "GER"]
[SourceTitle "EXT 2017"]
[Source "ChessBase"]
[SourceDate "2016.10.25"]
[SourceVersion "1"]
[SourceVersionDate "2016.10.25"]
[SourceQuality "1"]
[WhiteTeam "Mainz Schott (W)"]
[BlackTeam "Chemnitz Aufbau (W)"]
[WhiteTeamCountry "GER"]
[BlackTeamCountry "GER"]

1. d4 Nf6 2. c4 g6 3. Nc3 d5 4. cxd5 Nxd5 5. Bd2 Bg7 6. e4 Nxc3 7. Bxc3 0-0 8. h3 b6 9. Nf3 Bb7 10. Qc2 Nd7 11. Rd1 Nf6 12. d5 a5 13. Bc4 Ba6 14. Bxa6 Rxa6 15. 0-0 Qa8 16. Bxf6 Bxf6 17. e5 Bg7 18. Qxc7 Re8 19. Rd2 b5 20. Rfd1 Ra7 21. Qc5 Qb8 22. d6 exd6 23. exd6 Bf8 24. Qc6 Rd8 25. d7 Rc7 26. Qe4 Rc4 27. Qe3 Bb4 28. Rd5 Rc7 29. Ne5 Bf8 30. Qf4 f5 31. g4 Rc2 32. gxf5 Qb6 33. fxg6 hxg6 34. Qf7+ Kh8 35. Nxg6+ 1-0

[Event "Rheinland Pfalz op 7th"]
[Site "Frankenthal"]
[Date "2015.06.06"]
[Round "3"]
[White "Brandl, Lea Maria"]
[Black "Christmann, Maurice"]
[Result "1/2-1/2"]
[WhiteElo "1779"]
[BlackElo "2016"]
[PlyCount "40"]
[EventDate "2015.06.04"]
[EventType "swiss"]
[EventRounds "7"]
[EventCountry "GER"]
[SourceTitle "EXT 2017"]
[Source "ChessBase"]
[SourceDate "2016.10.25"]
[SourceVersion "1"]
[SourceVersionDate "2016.10.25"]
[SourceQuality "1"]

1. d4 e6 2. c4 c5 3. d5 exd5 4. cxd5 d6 5. Nc3 g6 6. e4 Bg7 7. Be2 a6 8. a4 Ne7 9. Nf3 0-0 10. 0-0 f5 11. Bd3 Nd7 12. exf5 Nxf5 13. Re1 Nd4 14. Nxd4 Bxd4 15. Be3 Bg7 16. Rc1 Ne5 17. Be2 Qh4 18. f3 Bh6 19. Bxh6 Qxh6 20. Ne4 Rd8 1/2-1/2

[Event "Rheinland Pfalz op 7th"]
[Site "Frankenthal"]
[Date "2015.06.06"]
[Round "5"]
[White "Brandl, Lea Maria"]
[Black "Frohnhaeuser, Simon"]
[Result "1-0"]
[WhiteElo "1779"]
[BlackElo "1485"]
[PlyCount "93"]
[EventDate "2015.06.04"]
[EventType "swiss"]
[EventRounds "7"]
[EventCountry "GER"]
[SourceTitle "EXT 2017"]
[Source "ChessBase"]
[SourceDate "2016.10.25"]
[SourceVersion "1"]
[SourceVersionDate "2016.10.25"]
[SourceQuality "1"]

1. d4 Nf6 2. c4 g6 3. Nc3 Bg7 4. e4 d6 5. Nf3 0-0 6. Be2 e5 7. 0-0 Nc6 8. d5 Ne7 9. Nd2 Ne8 10. b4 a5 11. bxa5 Rxa5 12. Nb3 Ra8 13. c5 f5 14. f3 f4 15. a4 Rf6 16. Ba3 g5 17. Rc1 h5 18. Nd2 Rg6 19. Nc4 g4 20. Nb5 dxc5 21. Bxc5 gxf3 22. Bxf3 Bh3 23. Kh1 Bg4 24. Ba3 Nc8 25. Qb3 Kh7 26. a5 Qh4 27. Qc3 c6 28. Qb3 cxb5 29. Qxb5 Ned6 30. Nxd6 Nxd6 31. Bxd6 Rxd6 32. Rc7 Raa6 33. Qxb7 Rg6 34. Rxg7+ Rxg7 35. Qxa6 Bxf3 36. gxf3 Qh3 37. Qe2 Ra7 38. a6 Qc8 39. Ra1 Qc3 40. Qf1 Qd4 41. Rd1 Qa4 42. d6 Rd7 43. Qd3 h4 44. Rg1 h3 45. Qf1 Rxd6 46. Qxh3+ Rh6 47. Qf5+ 1-0

[Event "Rheinland Pfalz op 7th"]
[Site "Frankenthal"]
[Date "2015.06.06"]
[Round "2"]
[White "Villing, Dieter"]
[Black "Brandl, Lea Maria"]
[Result "1/2-1/2"]
[WhiteElo "2066"]
[BlackElo "1779"]
[PlyCount "75"]
[EventDate "2015.06.04"]
[EventType "swiss"]
[EventRounds "7"]
[EventCountry "GER"]
[SourceTitle "EXT 2017"]
[Source "ChessBase"]
[SourceDate "2016.10.25"]
[SourceVersion "1"]
[SourceVersionDate "2016.10.25"]
[SourceQuality "1"]

1. e4 c5 2. Nf3 d6 3. Bb5+ Bd7 4. Bxd7+ Qxd7 5. 0-0 Nf6 6. e5 dxe5 7. Nxe5 Qc7 8. d4 e6 9. Bf4 Bd6 10. Nc3 a6 11. Qf3 cxd4 12. Rad1 0-0 13. Ne4 Nxe4 14. Qxe4 f6 15. Nd3 e5 16. Bd2 Nc6 17. Qd5+ Kh8 18. f4 Rad8 19. f5 Rfe8 20. Qe4 Ne7 21. Rc1 Nc8 22. Rf3 Qc6 23. Qh4 Bf8 24. Rh3 h6 25. Nf2 Ne7 26. Qh5 e4 27. Bf4 e3 28. Nd3 Nd5 29. Rg3 Nxf4 30. Nxf4 Bd6 31. Rxg7 Kxg7 32. Qg6+ Kh8 33. Qxh6+ Kg8 34. Qg6+ Kh8 35. Qxf6+ Kg8 36. Qg6+ Kh8 37. Qf6+ Kg8 38. Qg6+ 1/2-1/2

[Event "Rheinland Pfalz op 7th"]
[Site "Frankenthal"]
[Date "2015.06.04"]
[Round "1"]
[White "Brandl, Lea Maria"]
[Black "Bonk, Andras"]
[Result "1/2-1/2"]
[WhiteElo "1779"]
[BlackElo "2158"]
[PlyCount "81"]
[EventDate "2015.06.04"]
[EventType "swiss"]
[EventRounds "7"]
[EventCountry "GER"]
[SourceTitle "EXT 2017"]
[Source "ChessBase"]
[SourceDate "2016.10.25"]
[SourceVersion "1"]
[SourceVersionDate "2016.10.25"]
[SourceQuality "1"]

1. d4 Nf6 2. c4 e6 3. Nc3 b6 4. Nf3 Bb7 5. Qc2 c5 6. e3 Nc6 7. a3 Bd6 8. Bd3 0-0 9. 0-0 Rc8 10. b3 Bb8 11. Bb2 cxd4 12. exd4 Ne7 13. Qe2 d5 14. Rfd1 Ng6 15. Bxg6 hxg6 16. Ne5 Ba6 17. Rac1 Qe7 18. Nb5 Rfd8 19. a4 Bxb5 20. axb5 Bxe5 21. dxe5 Ne4 22. f3 Nc5 23. Ba3 d4 24. Bxc5 Qxc5 25. Rd3 Rc7 26. Rcd1 Rcd7 27. f4 Kf8 28. Kf2 Ke7 29. Qb2 g5 30. g3 Rh8 31. Kg1 gxf4 32. gxf4 f6 33. Qe2 Rh6 34. Re1 Kf7 35. Qf3 f5 36. Qf2 Rg6+ 37. Kh1 Qc8 38. Qf3 Rg4 39. Rg1 Rxg1+ 40. Kxg1 Rd8 41. Qh5+ 1/2-1/2

[Event "GER-ch U16 Girls"]
[Site "Willingen"]
[Date "2015.05.30"]
[Round "9"]
[White "Brandl, Lea Maria"]
[Black "Weis, Olga"]
[Result "0-1"]
[WhiteElo "1788"]
[BlackElo "1820"]
[PlyCount "56"]
[EventDate "2015.05.24"]
[EventType "swiss"]
[EventRounds "9"]
[EventCountry "GER"]
[SourceTitle "CBM 166 Extra"]
[Source "ChessBase"]
[SourceDate "2015.06.18"]
[SourceVersion "1"]
[SourceVersionDate "2015.06.18"]
[SourceQuality "1"]

1. e4 c5 2. Nf3 e6 3. b3 Nc6 4. Bb2 d6 5. d4 cxd4 6. Nxd4 Nf6 7. Nxc6 bxc6 8. Bd3 e5 9. 0-0 Be7 10. Nc3 0-0 11. Ne2 Qb6 12. Ng3 Re8 13. Kh1 Be6 14. Nf5 Bxf5 15. exf5 e4 16. Be2 d5 17. Qd2 Rad8 18. a4 d4 19. f3 Bb4 20. Qg5 e3 21. Rad1 c5 22. Qh4 Nd5 23. g3 Bd2 24. Kg2 Nb4 25. c3 d3 26. cxb4 dxe2 27. Bxg7 exf1Q+ 28. Rxf1 Kxg7 0-1

[Event "GER-ch U16 Girls"]
[Site "Willingen"]
[Date "2015.05.29"]
[Round "8"]
[White "Brandl, Lea Maria"]
[Black "Simon, Tessa"]
[Result "1-0"]
[WhiteElo "1788"]
[BlackElo "1818"]
[PlyCount "55"]
[EventDate "2015.05.24"]
[EventType "swiss"]
[EventRounds "9"]
[EventCountry "GER"]
[SourceTitle "CBM 166 Extra"]
[Source "ChessBase"]
[SourceDate "2015.06.18"]
[SourceVersion "1"]
[SourceVersionDate "2015.06.18"]
[SourceQuality "1"]

1. e4 c5 2. Nf3 Nc6 3. Bb5 e6 4. 0-0 Nge7 5. c3 a6 6. Ba4 b5 7. Bc2 d5 8. d4 c4 9. Re1 Qc7 10. Nbd2 b4 11. Nf1 bxc3 12. bxc3 Qa5 13. Bd2 g6 14. Qe2 Bg7 15. Ne3 0-0 16. e5 Rb8 17. Rab1 Bd7 18. Rxb8 Rxb8 19. Bb1 Na7 20. Ng4 Rb2 21. Nf6+ Bxf6 22. exf6 Nf5 23. Bxf5 gxf5 24. Qe3 Qa3 25. Bc1 Kf8 26. Bxb2 Qxb2 27. Qh6+ Ke8 28. Qxh7 1-0

[Event "GER-ch U16 Girls"]
[Site "Willingen"]
[Date "2015.05.26"]
[Round "5"]
[White "Brandl, Lea Maria"]
[Black "Christiansen, Anna"]
[Result "1-0"]
[WhiteElo "1788"]
[BlackElo "1345"]
[PlyCount "39"]
[EventDate "2015.05.24"]
[EventType "swiss"]
[EventRounds "9"]
[EventCountry "GER"]
[SourceTitle "CBM 166 Extra"]
[Source "ChessBase"]
[SourceDate "2015.06.18"]
[SourceVersion "1"]
[SourceVersionDate "2015.06.18"]
[SourceQuality "1"]

1. d4 Nf6 2. c4 e5 3. dxe5 Ng4 4. Nf3 Nc6 5. Bf4 h6 6. h3 g5 7. Bg3 Nxf2 8. Bxf2 Bg7 9. Bg3 Qe7 10. Nc3 Bxe5 11. Nxe5 Nxe5 12. Nd5 Qd6 13. c5 Nf3+ 14. Kf2 Qxc5+ 15. Kxf3 f5 16. e3 0-0 17. Rc1 Qa5 18. Bc4 Kh7 19. Be1 Qc5 20. Bb4 1-0

[Event "BL2 Sued 1415 (Women)"]
[Site "Germany"]
[Date "2015.03.29"]
[Round "7.5"]
[White "Brandl, Lea Maria"]
[Black "Juszczak, Anna"]
[Result "0-1"]
[WhiteElo "1745"]
[BlackElo "1972"]
[PlyCount "54"]
[EventDate "2014.09.27"]
[EventType "team-tourn"]
[EventRounds "7"]
[EventCountry "GER"]
[SourceTitle "CBM 166 Extra"]
[Source "ChessBase"]
[SourceDate "2015.06.18"]
[SourceVersion "1"]
[SourceVersionDate "2015.06.18"]
[SourceQuality "1"]
[WhiteTeam "Mainz Schott (W)"]
[BlackTeam "Karlsruhe (W)"]
[WhiteTeamCountry "GER"]
[BlackTeamCountry "GER"]

1. d4 d5 2. c4 e6 3. Nc3 Nf6 4. Bg5 Be7 5. e3 h6 6. Bh4 Nbd7 7. Nf3 0-0 8. Rc1 a6 9. c5 c6 10. b4 Ne4 11. Bxe7 Qxe7 12. Nxe4 dxe4 13. Nd2 f5 14. Nc4 Nf6 15. Be2 Bd7 16. 0-0 Be8 17. a4 Nd5 18. Qd2 f4 19. exf4 Nxf4 20. g3 Qg5 21. Kh1 Nxe2 22. Qxe2 Bh5 23. Qd2 Bf3+ 24. Kg1 Qg4 25. Ne3 Qh3 26. Qa2 Rae8 27. Qc4 Rf5 0-1

[Event "BL2 Sued 1415 (Women)"]
[Site "Germany"]
[Date "2015.03.28"]
[Round "6.4"]
[White "Brandl, Lea Maria"]
[Black "Klotz, Sonja"]
[Result "0-1"]
[WhiteElo "1745"]
[BlackElo "2047"]
[PlyCount "72"]
[EventDate "2014.09.27"]
[EventType "team-tourn"]
[EventRounds "7"]
[EventCountry "GER"]
[SourceTitle "CBM 166 Extra"]
[Source "ChessBase"]
[SourceDate "2015.06.18"]
[SourceVersion "1"]
[SourceVersionDate "2015.06.18"]
[SourceQuality "1"]
[WhiteTeam "Mainz Schott (W)"]
[BlackTeam "Stuttgart Wolfbusch (W)"]
[WhiteTeamCountry "GER"]
[BlackTeamCountry "GER"]

1. d4 d5 2. c4 e6 3. Nc3 Nf6 4. Bg5 c6 5. Nf3 Nbd7 6. e3 Be7 7. Rc1 0-0 8. Bd3 dxc4 9. Bxc4 b5 10. Bd3 Bb7 11. 0-0 a6 12. Qe2 Qb6 13. e4 Rfe8 14. e5 Nd5 15. Qe4 Nf8 16. Qh4 Qd8 17. Qh5 Rc8 18. Ne4 f6 19. exf6 Nxf6 20. Nxf6+ Bxf6 21. Bxf6 Qxf6 22. Ne5 Red8 23. Rfd1 g6 24. Qg4 c5 25. Be2 c4 26. a3 Nd7 27. Nxd7 Rxd7 28. Rc2 Rcd8 29. Rcd2 Rd5 30. Bf1 Rg5 31. Qe2 Bf3 32. Qe1 Bxd1 33. Qxd1 Rgd5 34. Be2 Rxd4 35. Rxd4 Qxd4 36. Qc2 Qd2 0-1

[Event "BL2 Sued 1415 (Women)"]
[Site "Germany"]
[Date "2014.09.28"]
[Round "2.4"]
[White "Lukas, Anne"]
[Black "Brandl, Lea Maria"]
[Result "1-0"]
[WhiteElo "1767"]
[BlackElo "1745"]
[PlyCount "93"]
[EventDate "2014.09.27"]
[EventType "team-tourn"]
[EventRounds "7"]
[EventCountry "GER"]
[SourceTitle "CBM 166 Extra"]
[Source "ChessBase"]
[SourceDate "2015.06.18"]
[SourceVersion "1"]
[SourceVersionDate "2015.06.18"]
[SourceQuality "1"]
[WhiteTeam "Gernsheim (W)"]
[BlackTeam "Mainz Schott (W)"]
[WhiteTeamCountry "GER"]
[BlackTeamCountry "GER"]

1. d4 Nf6 2. Bg5 e6 3. e4 Be7 4. Nd2 d5 5. Bxf6 Bxf6 6. e5 Be7 7. Bd3 c5 8. c3 Nc6 9. Ne2 Bd7 10. 0-0 0-0 11. f4 cxd4 12. cxd4 f6 13. Qc2 h6 14. Nf3 Nb4 15. Qd2 f5 16. a3 Nxd3 17. Qxd3 a6 18. a4 Qe8 19. b3 Kh8 20. Qd2 Rg8 21. h4 Qd8 22. g3 g6 23. Rfc1 Kg7 24. Kg2 Kf7 25. Rh1 b5 26. Nc3 Rc8 27. Ne2 bxa4 28. bxa4 Rc4 29. Qd3 Qa5 30. Nd2 Rxa4 31. Nb3 Qb6 32. Rxa4 Bxa4 33. Rb1 Bb5 34. Qc2 Qd8 35. Nc3 Bc4 36. Na4 g5 37. hxg5 hxg5 38. fxg5 Rxg5 39. Nbc5 Bb5 40. Nc3 Qg8 41. Qf2 Rg4 42. Nxb5 axb5 43. Rxb5 Bxc5 44. Rxc5 Qb8 45. Qd2 f4 46. Qc2 Rxg3+ 47. Kf2 1-0

[Event "Wiesbaden op 26th"]
[Site "Wiesbaden"]
[Date "2014.08.30"]
[Round "4"]
[White "Kolker, Vladislav"]
[Black "Brandl, Lea Maria"]
[Result "1-0"]
[WhiteElo "2021"]
[BlackElo "1781"]
[PlyCount "79"]
[EventDate "2014.08.28"]
[EventType "swiss"]
[EventRounds "7"]
[EventCountry "GER"]
[SourceTitle "CBM 162 Extra"]
[Source "ChessBase"]
[SourceDate "2014.10.17"]
[SourceVersion "1"]
[SourceVersionDate "2014.10.17"]
[SourceQuality "1"]

1. e4 c5 2. Nf3 d6 3. d4 cxd4 4. Nxd4 Nf6 5. Nc3 a6 6. h3 e6 7. g4 Be7 8. g5 Nfd7 9. h4 b5 10. Be3 Bb7 11. Bg2 Nb6 12. b3 N8d7 13. a3 Qc7 14. Qd2 Rc8 15. Nde2 Qc6 16. f4 a5 17. Ra2 a4 18. 0-0 0-0 19. Nd1 axb3 20. cxb3 Nc5 21. Nd4 Qd7 22. Qa5 Qd8 23. Nf2 Ra8 24. Qc3 Qd7 25. Rd1 Rfc8 26. Qb2 Qe8 27. f5 e5 28. Ne2 f6 29. Ng3 Qf7 30. Ng4 Kh8 31. Bf3 d5 32. g6 hxg6 33. fxg6 Qe6 34. Qe2 dxe4 35. Bg2 Bd6 36. Nxf6 Qxf6 37. Qh5+ Kg8 38. Rf2 Qxf2+ 39. Bxf2 Rd8 40. Nf5 1-0